[Event "Reykjavik Open 2026"]
[Site "Reykjavik ISL"]
[Date "2026.03.28"]
[Round "5.65"]
[White "Jonsson, Gauti Pall"]
[Black "Hermannsson, Sigurbjorn"]
[Result "1/2-1/2"]
[WhiteElo "2154"]
[BlackElo "1887"]
[WhiteFideId "2309092"]
[BlackFideId "2325128"]
[EventDate "2026.03.25"]

1. c4 e6 2. Nc3 d5 3. e3 Nf6 4. Nf3 c6 5. b3 Nbd7 6. Bb2 Bd6 7. Qc2 O-O 8. Rg1
Qc7 9. g4 e5 10. g5 Nh5 11. cxd5 cxd5 12. Qd1 d4 13. Nb5 Qb6 14. Nxd6 Qxd6 15.
Nxd4 exd4 16. Qxh5 dxe3 17. fxe3 Ne5 18. Rc1 Bf5 19. Be2 Rac8 20. Rxc8 Rxc8 21.
Bc3 a6 22. Qh4 b5 23. Qf4 Nd3+ 24. Bxd3 Qxf4 25. exf4 Bxd3 26. Rg3 Bb1 27. a3
Bc2 28. b4 Re8+ 29. Be5 Bf5 30. Ke2 Kf8 31. Re3 Re6 32. Bd4 Rxe3+ 33. Kxe3 h5
34. gxh6 gxh6 35. Bf6 Ke8 36. Kd4 Kd7 37. Kc5 Kc7 38. Be5+ Kb7 39. d4 Be4 40.
Kd6 h5 41. Bf6 Bf3 42. Bh4 Bg2 43. Bg3 Bf3 44. f5 Bg2 45. d5 Bf3 46. Kc5 Be4 47.
f6 Bg2 48. h4 Bf3 49. d6 Bg4 50. Kd5 Be6+ 51. Ke5 Kc6 52. Kf4 Bg4 53. Kg5 Bf3
54. Kh6 Kd7 55. Kg7 Bd5 56. Kf8 Bc4 57. Bf4 Bd5 58. Bg3 Bc4 59. Bf4 Bd5 1/2-1/2

[Event "Reykjavik Open 2026"]
[Site "Reykjavik ISL"]
[Date "2026.03.28"]
[Round "5.66"]
[White "Ekam Singh"]
[Black "Kamp, Aaron"]
[Result "0-1"]
[WhiteElo "1875"]
[BlackElo "2069"]
[WhiteFideId "33334234"]
[BlackFideId "16231120"]
[EventDate "2026.03.25"]

1. d4 Nf6 2. Nf3 c5 3. d5 e6 4. c4 b5 5. e3 exd5 6. cxb5 Bb7 7. Nc3 g6 8. Bd3
Bg7 9. O-O O-O 10. Qc2 d6 11. b3 d4 12. exd4 Bxf3 13. gxf3 cxd4 14. Ne2 Nbd7 15.
Bf4 Ne5 16. Bxe5 dxe5 17. Be4 Nxe4 18. Qxe4 f5 19. Qc6 Rc8 20. Qe6+ Kh8 21. Rac1
d3 22. Nc3 d2 23. Rc2 Rxc3 24. Rxc3 d1=Q 25. Rxd1 Qxd1+ 26. Kg2 e4 27. Rc8 exf3+
28. Kg3 Qg1+ 29. Kxf3 Qg4+ 0-1

[Event "Reykjavik Open 2026"]
[Site "Reykjavik ISL"]
[Date "2026.03.28"]
[Round "5.67"]
[White "Pollitt, Henry"]
[Black "Dimitrijevic, Aleksandra"]
[Result "0-1"]
[BlackTitle "WGM"]
[WhiteElo "1864"]
[BlackElo "2063"]
[WhiteFideId "2644916"]
[BlackFideId "929239"]
[EventDate "2026.03.25"]

1. e4 c5 2. Nf3 e6 3. d4 cxd4 4. Nxd4 Nc6 5. Nc3 d6 6. g4 Nge7 7. Be3 Ng6 8. Qd2
Nge5 9. Be2 a6 10. O-O-O b5 11. f4 Nxd4 12. Bxd4 Nc6 13. Bf3 Bb7 14. Qf2 Nxd4
15. Qxd4 h6 16. h4 Be7 17. g5 hxg5 18. hxg5 Rxh1 19. Rxh1 Bf8 20. g6 fxg6 21.
Bg4 Kf7 22. Rg1 Rc8 23. Be2 Qc7 24. Rf1 Qc5 25. Qd3 b4 26. Nd1 Be7 27. f5 Bg5+
28. Kb1 gxf5 29. exf5 e5 30. c3 e4 31. Qh3 Bf6 32. Bh5+ Ke7 33. Qg3 Bd5 34. Be2
Qa5 35. c4 Rxc4 36. Ne3 Rd4 37. Nxd5+ Qxd5 38. Rc1 Rd2 0-1

[Event "Reykjavik Open 2026"]
[Site "Reykjavik ISL"]
[Date "2026.03.28"]
[Round "5.68"]
[White "Bartczak, Korneliusz"]
[Black "Hauksdottir, Hrund"]
[Result "1-0"]
[WhiteElo "2120"]
[BlackElo "1830"]
[WhiteFideId "2523558"]
[BlackFideId "2302608"]
[EventDate "2026.03.25"]

1. e4 e5 2. Nf3 Nc6 3. Bc4 Bc5 4. d3 Nf6 5. O-O d6 6. c3 a5 7. Re1 h6 8. Nbd2
O-O 9. h3 Bb6 10. Nf1 Be6 11. Bb5 Ne7 12. d4 c6 13. Bd3 Ng6 14. Ng3 Re8 15. Be3
Bc7 16. c4 d5 17. exd5 cxd5 18. Bxg6 fxg6 19. dxe5 Nh7 20. Qc2 dxc4 21. Qxg6 Nf8
22. Qc2 Qe7 23. Rad1 Nd7 24. Bd4 Qf7 25. Nh4 Bd5 26. Qf5 Rad8 27. f4 g5 28. fxg5
Qxf5 29. Nhxf5 Nxe5 30. gxh6 Nd3 31. Rf1 Kh7 32. Bg7 b5 33. Nh5 Re2 34. Nf6+ Kg6
35. Nh4+ Kg5 36. Rf5+ Kxh4 37. Nxd5 Bb8 38. Bf6+ 1-0

[Event "Reykjavik Open 2026"]
[Site "Reykjavik ISL"]
[Date "2026.03.28"]
[Round "5.69"]
[White "Sorensen, Per Settergren"]
[Black "Otto, Michael"]
[Result "1-0"]
[WhiteElo "2110"]
[BlackElo "1827"]
[WhiteFideId "1413872"]
[BlackFideId "24617822"]
[EventDate "2026.03.25"]

1. Nf3 c5 2. g3 Nc6 3. Bg2 g6 4. O-O Bg7 5. d3 e6 6. e4 Nge7 7. Nc3 a6 8. Bf4 d6
9. Re1 O-O 10. Qd2 Nd4 11. Nd1 Nxf3+ 12. Bxf3 Bd7 13. Bxd6 Bc6 14. Bxc5 Re8 15.
Bg2 1-0

[Event "Reykjavik Open 2026"]
[Site "Reykjavik ISL"]
[Date "2026.03.28"]
[Round "5.70"]
[White "Heidarsson, Arnar Milutin"]
[Black "McCallum, Elliot"]
[Result "1-0"]
[WhiteElo "2099"]
[BlackElo "1812"]
[WhiteFideId "2312875"]
[BlackFideId "2645718"]
[EventDate "2026.03.25"]

1. d4 d5 2. c4 c6 3. Nc3 Nf6 4. cxd5 cxd5 5. Bf4 Nc6 6. e3 a6 7. Nf3 Bg4 8. Qb3
Na5 9. Qa4+ b5 10. Qc2 e6 11. Nxb5 axb5 12. Bxb5+ Nd7 13. Ne5 Bf5 14. Qa4 Nc6
15. Nxc6 Rxa4 16. Nxd8 Rb4 17. Bxd7+ Kxd8 18. Bc6 Bd3 19. Kd2 Be4 20. b3 Bxg2
21. Rhc1 Bf3 22. Rc3 f6 23. a3 Rb6 24. Bxd5 exd5 25. Bc7+ Kd7 26. Bxb6 Bd6 27.
h3 h5 28. Bc5 h4 29. Bxd6 Kxd6 30. Rac1 g5 31. Rc8 Rh6 32. Rg8 Bg2 33. f4 Rh5
34. fxg5 fxg5 35. Rg1 Bxh3 36. R1xg5 Rh7 37. R5g6+ Be6 38. Re8 h3 39. Rexe6+ Kd7
40. Rh6 Rg7 41. Reg6 1-0

[Event "Reykjavik Open 2026"]
[Site "Reykjavik ISL"]
[Date "2026.03.28"]
[Round "5.71"]
[White "Erdmann, Stefan"]
[Black "Stolpe, Samuel"]
[Result "1-0"]
[WhiteElo "2097"]
[BlackElo "1810"]
[WhiteFideId "4663470"]
[BlackFideId "30941202"]
[EventDate "2026.03.25"]

1. d4 Nf6 2. Nf3 d5 3. c4 e6 4. g3 Bb4+ 5. Nbd2 O-O 6. a3 Be7 7. Bg2 c6 8. O-O
Nbd7 9. Qc2 b6 10. e4 dxc4 11. Nxc4 Ba6 12. Re1 c5 13. e5 Nd5 14. Ne3 cxd4 15.
Nxd5 exd5 16. Nxd4 Rc8 17. Nc6 Nb8 18. Nxe7+ Qxe7 19. Qf5 Qe6 20. Qh5 Rc2 21.
Bh3 f5 22. Qd1 Rfc8 23. Bg2 Bb7 24. Re2 Rxe2 25. Qxe2 Nc6 26. Bf4 g5 27. Bxg5
Qxe5 28. Re1 Qxe2 29. Bxd5+ Kg7 30. Rxe2 Kg6 31. Re6+ Kxg5 32. f4+ Kg4 33. Rh6 1-0

[Event "Reykjavik Open 2026"]
[Site "Reykjavik ISL"]
[Date "2026.03.28"]
[Round "5.72"]
[White "Marsh, James J"]
[Black "Jarabek, Milan"]
[Result "1-0"]
[WhiteElo "2096"]
[BlackElo "1804"]
[WhiteFideId "30975751"]
[BlackFideId "14928264"]
[EventDate "2026.03.25"]

1. d4 d5 2. c4 c6 3. Nf3 a6 4. e3 Nf6 5. Bd2 Bf5 6. Qb3 b5 7. cxd5 cxd5 8. a4
bxa4 9. Qxa4+ Bd7 10. Qb3 e6 11. Ne5 Qc8 12. Bd3 Nc6 13. Nxd7 Nxd7 14. O-O Rb8
15. Qc2 Nb4 16. Qxc8+ Rxc8 17. Bxb4 Bxb4 18. Bxa6 Ra8 19. Nc3 Ke7 20. Rfc1 Rhb8
21. Kf1 Rb6 22. Be2 Rxa1 23. Rxa1 Rb7 24. Nb5 Nf6 25. Bd3 Ne8 26. Ra4 Bd6 27.
Ke1 Nc7 28. Nxd6 Kxd6 29. b4 Kc6 30. Kd2 Nb5 31. Ra8 Nd6 32. Kc3 Rc7 33. Kb3 Kb7
34. Rd8 Nc8 35. Bxh7 g6 36. h4 Nb6 37. g4 Nd7 38. Bg8 Nf6 39. f3 1-0

[Event "Reykjavik Open 2026"]
[Site "Reykjavik ISL"]
[Date "2026.03.28"]
[Round "5.73"]
[White "Kristinsson, Magnus"]
[Black "Mensing, Adrian"]
[Result "0-1"]
[WhiteElo "1801"]
[BlackElo "2044"]
[WhiteFideId "2305682"]
[BlackFideId "1043293"]
[EventDate "2026.03.25"]

1. e4 e6 2. d4 d5 3. Nd2 h6 4. f4 Nf6 5. e5 Nfd7 6. Bd3 c5 7. c3 Nc6 8. Ndf3 Be7
9. Ne2 g5 10. Be3 Qb6 11. h3 Rg8 12. b3 Nf8 13. O-O Bd7 14. Qd2 f6 15. a4 gxf4
16. Nxf4 fxe5 17. dxe5 Qc7 18. Bb5 Nxe5 19. Bxd7+ Nexd7 20. Nxd5 exd5 21. Qxd5
Nf6 22. Qc4 O-O-O 23. Bf4 Bd6 24. Bxd6 Qxd6 25. Rae1 N8d7 26. Re2 Nh5 27. Rd2
Qg3 28. Qh4 Qxh4 29. Nxh4 Rg3 30. Rf3 Rxf3 31. Nxf3 Nhf6 32. b4 Ne4 33. Rd3 Kc7
34. Re3 Ndf6 35. bxc5 Rd1+ 36. Re1 Rxe1+ 37. Nxe1 a5 38. Nd3 Nxc3 39. g4 Nxa4
40. Kg2 Kc6 41. Ne5+ Kxc5 42. Nf7 Ng8 43. h4 Nb2 44. Nxh6 a4 45. Nxg8 a3 46. h5
a2 47. h6 a1=Q 48. g5 Qc1 49. h7 Qxg5+ 50. Kf3 0-1

[Event "Reykjavik Open 2026"]
[Site "Reykjavik ISL"]
[Date "2026.03.28"]
[Round "5.74"]
[White "Dillenschneider, Antoine"]
[Black "Althoff, Ralph"]
[Result "1/2-1/2"]
[WhiteElo "1787"]
[BlackElo "2035"]
[WhiteFideId "527032787"]
[BlackFideId "4623177"]
[EventDate "2026.03.25"]

1. Nf3 c5 2. c4 Nc6 3. Nc3 g6 4. d4 cxd4 5. Nxd4 Nf6 6. e4 d6 7. Be2 Nxd4 8.
Qxd4 Bg7 9. Qd1 Be6 10. Be3 Qa5 11. f3 Rc8 12. Qb3 Nd7 13. Rc1 O-O 14. O-O Nc5
15. Qc2 a6 16. a3 Nd7 17. Qb3 b5 18. Nd5 Bxd5 19. cxd5 Nb6 20. Qa2 b4 21. Qb3
Qa4 22. Qxb4 Qxb4 23. axb4 Rb8 24. Rc2 Na4 25. b3 Nc3 26. Bxa6 Rxb4 27. Bc4 Rb7
28. Rfc1 Nb5 29. Ra2 Nd4 30. Bxd4 Bxd4+ 31. Kf1 Kg7 32. Rcc2 Rfb8 33. Ra6 Kf6
34. Rc6 1/2-1/2

[Event "Reykjavik Open 2026"]
[Site "Reykjavik ISL"]
[Date "2026.03.28"]
[Round "5.75"]
[White "Hellstrand, Josefina"]
[Black "Hill, Andy"]
[Result "0-1"]
[WhiteElo "1766"]
[BlackElo "2030"]
[WhiteFideId "1776797"]
[BlackFideId "499927"]
[EventDate "2026.03.25"]

1. e4 e6 2. d4 d5 3. exd5 exd5 4. Bf4 Nf6 5. Bd3 c5 6. c3 Nc6 7. Nf3 Be7 8. Nbd2
Qb6 9. Qb3 Qxb3 10. axb3 cxd4 11. cxd4 O-O 12. O-O Nh5 13. Be3 f5 14. Nb1 f4 15.
Bd2 g5 16. h3 Ng7 17. Nc3 Be6 18. Rfe1 a6 19. Re2 Bf6 20. Rae1 Rae8 21. g3 Nxd4
22. Nxd4 Bxd4 23. gxf4 gxf4 24. Bxf4 Rxf4 25. Nxd5 Bxd5 26. Rxe8+ Nxe8 27. Rxe8+
Kf7 28. Re2 h5 29. Rd2 Bxb3 30. Bf1 Bd5 31. b4 Ke6 32. Bg2 Bxg2 33. Kxg2 Be5 34.
Ra2 Rxb4 35. Ra5 Rb5 36. Ra4 Kf5 37. Rh4 Kg5 38. Ra4 a5 39. Kf3 b6 40. Ke3 Rb3+ 0-1

[Event "Reykjavik Open 2026"]
[Site "Reykjavik ISL"]
[Date "2026.03.28"]
[Round "5.76"]
[White "Mariller, Romain"]
[Black "Han, Eva"]
[Result "1-0"]
[WhiteElo "2031"]
[BlackElo "1710"]
[WhiteFideId "45136912"]
[BlackFideId "343095824"]
[EventDate "2026.03.25"]

1. e4 e6 2. d4 d5 3. Nc3 Nf6 4. e5 Nfd7 5. f4 c5 6. Nf3 cxd4 7. Nxd4 Bc5 8. Be3
a6 9. Qd2 Nc6 10. O-O-O Nxd4 11. Bxd4 b5 12. Kb1 Qc7 13. h4 Nb6 14. Bxc5 Qxc5
15. Qd4 Qxd4 16. Rxd4 Bb7 17. h5 Ke7 18. b3 f6 19. Bd3 fxe5 20. fxe5 Nd7 21. Re1
Rac8 22. Kb2 Nc5 23. Rg4 Nxd3+ 24. cxd3 Rhg8 25. d4 Rcf8 26. Re3 g5 27. hxg6
Rxg6 28. Reg3 Rf2+ 29. Ka3 Rxg4 30. Rxg4 Bc6 31. Kb4 h5 32. Rg5 Be8 33. Ka5 Rc2
34. Rg3 h4 35. Rh3 Rxg2 36. Rxh4 Rc2 37. Rh3 Kf7 38. b4 Rb2 39. Rh7+ Kf8 40.
Rh8+ Ke7 41. Rh7+ Kf8 42. Rh3 Kg7 43. Rg3+ Kf7 44. a3 Rb3 45. Ne2 Rxg3 46. Nxg3
Kg6 47. Kxa6 Kg5 48. Ne2 Bd7 49. Nc3 Kf4 50. Nxb5 Ke4 51. a4 Kd3 52. Kb6 Kc4 53.
Nd6+ Kxd4 54. a5 Kxe5 55. Nf7+ Kf6 56. a6 Kxf7 57. a7 1-0

[Event "Reykjavik Open 2026"]
[Site "Reykjavik ISL"]
[Date "2026.03.28"]
[Round "5.77"]
[White "Austin, Freya"]
[Black "Maton, Emily"]
[Result "0-1"]
[WhiteElo "1708"]
[BlackElo "2016"]
[WhiteFideId "39932079"]
[BlackFideId "343120293"]
[EventDate "2026.03.25"]

1. e4 c5 2. c3 d5 3. exd5 Qxd5 4. Nf3 Nc6 5. Na3 Bg4 6. Be2 Nf6 7. h3 Bh5 8. d3
e5 9. O-O O-O-O 10. Nc4 h6 11. Qb3 g5 12. Ne3 Qd7 13. g4 Bg6 14. Nc4 Qd5 15. Rd1
Be7 16. Ne3 Qxb3 17. axb3 Nd5 18. Nc4 f6 19. Ne1 h5 20. Bf3 hxg4 21. hxg4 Kb8
22. Ne3 Nf4 23. Bxc6 bxc6 24. Nf5 Bxf5 25. gxf5 Rh3 26. Bxf4 exf4 27. f3 Rdh8
28. Kf2 Bd8 29. Ng2 Bb6 30. c4 Re8 31. Rh1 Rxh1 32. Rxh1 Re5 33. Rh6 Rxf5 34.
Ne1 Bc7 35. Nc2 Be5 36. Kg2 Bxb2 37. Kh3 Re5 38. Rxf6 Re2 39. Rxc6 Rxc2 40. Rxc5
Rc3 41. Kg4 Rxd3 42. Rb5+ Kc7 43. Ra5 Rxb3 44. Rxa7+ Kd6 45. Ra6+ Kc5 46. Ra4
Bc1 47. Ra1 Bd2 48. Rd1 Rd3 49. Kxg5 Kxc4 50. Kg4 Be3 51. Rf1 Rd8 52. Kf5 Rf8+
53. Ke4 Re8+ 54. Kf5 Kd3 55. Rh1 Ke2 56. Rh3 Kf2 57. Kg4 Kg2 0-1

[Event "Reykjavik Open 2026"]
[Site "Reykjavik ISL"]
[Date "2026.03.28"]
[Round "5.78"]
[White "Bathula, Abhinav Reddy"]
[Black "Chung, Kevin"]
[Result "1-0"]
[WhiteElo "2020"]
[BlackElo "1681"]
[WhiteFideId "35005693"]
[BlackFideId "30977282"]
[EventDate "2026.03.25"]

1. e4 d5 2. exd5 Qxd5 3. Nc3 Qa5 4. d4 Nf6 5. Nf3 Bg4 6. h3 Bxf3 7. Qxf3 c6 8.
Bd2 Qc7 9. Bd3 e6 10. O-O-O Nbd7 11. g4 Nb6 12. Kb1 O-O-O 13. g5 Nfd5 14. Ne4 f5
15. gxf6 gxf6 16. c4 Nb4 17. Bxb4 Bxb4 18. Qxf6 Qd7 19. Be2 Rhf8 20. Qe5 Rf5 21.
Qg3 h5 22. c5 Rd5 23. cxb6 Qh7 24. bxa7 1-0

[Event "Reykjavik Open 2026"]
[Site "Reykjavik ISL"]
[Date "2026.03.28"]
[Round "5.79"]
[White "Zhu, Aiden"]
[Black "Thorisson, Benedikt"]
[Result "1/2-1/2"]
[WhiteElo "1651"]
[BlackElo "2003"]
[WhiteFideId "2654288"]
[BlackFideId "2314576"]
[EventDate "2026.03.25"]

1. d4 Nf6 2. Bg5 d5 3. Bxf6 exf6 4. e3 Bf5 5. Nf3 Bd6 6. c4 c6 7. Nc3 Na6 8.
cxd5 cxd5 9. Bxa6 bxa6 10. Qa4+ Bd7 11. Qxa6 Qb8 12. O-O O-O 13. a4 Be6 14. Qb5
Qd8 15. Qd3 a6 16. Ne2 g6 17. Ng3 Qb6 18. Rfd1 Rfc8 19. Qe2 Rab8 20. Ne1 Rc4 21.
Nd3 Qb3 22. a5 Bd7 23. Qf3 Rc6 24. Nc5 Bxc5 25. dxc5 Rxc5 26. Qxf6 Qxb2 27. Qxa6
Bb5 28. Qd6 Rbc8 29. h3 Bc4 30. Qf4 R5c6 31. Rdb1 Qc3 32. Qg4 Bd3 33. Re1 Ra8
34. Qa4 Rca6 35. Qa3 Qxa3 36. Rxa3 Bc4 37. Rea1 f5 38. Nf1 Kf7 39. Nd2 Ke6 40.
Nf3 Kd6 41. Kh2 Kc5 42. Kg3 h6 43. Kf4 Rb8 44. Ne5 Rb2 45. Kg3 g5 46. Rc1 Kb4
47. Rac3 f4+ 48. exf4 gxf4+ 49. Kxf4 Re2 50. Nxc4 Re4+ 51. Kf5 Rxc4 52. Rxc4+
dxc4 53. g4 Kb3 54. f4 c3 55. g5 hxg5 56. fxg5 Rxa5+ 57. Kf6 Ra6+ 58. Kf5 Ra5+
59. Kg4 Kb2 60. Rh1 Ra1 61. Rh2+ c2 62. h4 Kc3 63. Rxc2+ Kxc2 64. h5 Kd3 65. Kf5
Ra5+ 66. Kf6 Ke4 67. h6 Ra6+ 68. Kg7 Kf5 69. h7 Ra7+ 70. Kh6 Ra8 71. Kg7 Kxg5
72. h8=Q Ra7+ 73. Kg8 Ra8+ 74. Kg7 Rxh8 75. Kxh8 1/2-1/2

[Event "Reykjavik Open 2026"]
[Site "Reykjavik ISL"]
[Date "2026.03.28"]
[Round "5.80"]
[White "Schmid, Bernhard"]
[Black "Niori, Toma"]
[Result "1-0"]
[WhiteElo "2015"]
[BlackElo "1639"]
[WhiteFideId "12915467"]
[BlackFideId "7006519"]
[EventDate "2026.03.25"]

1. d4 d5 2. c4 e6 3. Nc3 Nf6 4. cxd5 exd5 5. Bg5 c6 6. e3 Be7 7. Bd3 Nbd7 8.
Nge2 h6 9. Bh4 Nh5 10. Bxe7 Qxe7 11. Qd2 Nb6 12. b3 a5 13. O-O O-O 14. f3 c5 15.
dxc5 Qxc5 16. Rac1 Re8 17. Nd4 Qe7 18. Rfe1 Qg5 19. Ncb5 Re7 20. f4 Qh4 21. Nd6
Qf6 22. Nxc8 Nxc8 23. Nf5 Re8 24. g4 g6 25. Nxh6+ Kg7 26. g5 Qb6 27. Kh1 Nd6 28.
Ng4 Rad8 29. Ne5 Kh7 30. Qc2 Ne4 31. Bxe4 dxe4 32. Nxf7 Rc8 33. Qd2 Rcd8 34.
Nxd8 Rxd8 35. Qc2 Qe6 36. Red1 Rg8 37. Qc7+ Rg7 38. Qc8 Qxc8 39. Rxc8 Re7 40.
Rdc1 Ng7 41. R8c7 Re8 42. Rxb7 Kg8 43. Kg2 Nf5 44. Kf2 Rd8 45. Ke2 Nd6 46. Ra7
Nf5 47. Rcc7 Nh4 48. Rxa5 Nf3 49. Rc2 Kf7 50. Ra4 Rh8 51. Rc7+ Ke6 52. Rxe4+ Kf5
53. Kxf3 Rh3+ 54. Kg2 Rh4 55. Re5+ Kg4 56. a4 Rh5 57. Ree7 Rh8 58. a5 Ra8 59.
h3+ Kf5 60. Re5# 1-0

[Event "Reykjavik Open 2026"]
[Site "Reykjavik ISL"]
[Date "2026.03.28"]
[Round "5.82"]
[White "Kukelko, Alexey"]
[Black "Estevez Sacristan, Deva"]
[Result "1-0"]
[WhiteTitle "FM"]
[BlackTitle "CM"]
[WhiteElo "2304"]
[BlackElo "2001"]
[WhiteFideId "14153084"]
[BlackFideId "32041101"]
[EventDate "2026.03.25"]

1. e4 d6 2. d4 Nf6 3. Nc3 e5 4. Nf3 Nbd7 5. Rg1 g6 6. g4 exd4 7. Nxd4 Bg7 8. Be2
O-O 9. g5 Ne8 10. Be3 Nc5 11. Qd2 Ne6 12. O-O-O a6 13. f4 c5 14. Nb3 b5 15. Nxc5
b4 16. Nxe6 fxe6 17. Nb1 Qa5 18. Bc4 Bd7 19. Qd3 Rc8 20. Nd2 Kh8 21. Kb1 Bb5 22.
h4 d5 23. Bxb5 axb5 24. Nb3 Qa8 25. h5 Rf7 26. Rd2 Rc3 27. bxc3 bxc3 28. Rh2 Qa3
29. Bc1 Qa7 30. hxg6 Rf8 31. a3 b4 32. Qh3 Kg8 33. Qxe6+ 1-0

[Event "Reykjavik Open 2026"]
[Site "Reykjavik ISL"]
[Date "2026.03.28"]
[Round "5.83"]
[White "Lonnqvist, Henrik"]
[Black "Sterck, Arno"]
[Result "0-1"]
[BlackTitle "FM"]
[WhiteElo "2000"]
[BlackElo "2252"]
[WhiteFideId "505137"]
[BlackFideId "228249"]
[EventDate "2026.03.25"]

1. e4 e5 2. Nf3 Nc6 3. Bb5 a6 4. Ba4 Nf6 5. O-O b5 6. Bb3 Bc5 7. c3 d6 8. h3 Bb6
9. d4 Bb7 10. Re1 O-O 11. a4 Ne7 12. Nbd2 Ng6 13. Bc2 Re8 14. d5 c6 15. c4 Qc7
16. b3 Rec8 17. dxc6 Bxc6 18. g3 Qd7 19. Kg2 Nh5 20. Nf1 bxc4 21. Ng5 Nf6 22.
bxc4 h6 23. Nf3 Qe6 24. Bd3 Bc5 25. N3d2 Bd7 26. h4 Nxh4+ 27. gxh4 Qh3+ 28. Kg1
Qxd3 0-1

[Event "Reykjavik Open 2026"]
[Site "Reykjavik ISL"]
[Date "2026.03.28"]
[Round "5.84"]
[White "Brzezina, Pawel"]
[Black "Kristinsson, Ogmundur"]
[Result "1-0"]
[WhiteTitle "CM"]
[WhiteElo "2248"]
[BlackElo "1996"]
[WhiteFideId "21078866"]
[BlackFideId "2304724"]
[EventDate "2026.03.25"]

1. d4 d5 2. c4 e6 3. Nc3 Nf6 4. cxd5 exd5 5. Bf4 Bd6 6. Bxd6 Qxd6 7. Qc2 O-O 8.
e3 a6 9. Bd3 Nbd7 10. Nf3 c5 11. dxc5 Nxc5 12. Nd4 b5 13. O-O b4 14. Nce2 Nxd3
15. Qxd3 a5 16. Rfd1 Re8 17. Rac1 Ba6 18. Qf5 Bc8 19. Qf4 Qxf4 20. Nxf4 Ba6 21.
Nc6 Bc4 22. b3 g5 23. Nh3 Be2 24. Re1 Bb5 25. Nd4 Bd7 26. Nxg5 a4 27. Rc7 Rec8
28. Rb7 Rab8 29. Rxb8 Rxb8 30. Rc1 h6 31. Ngf3 Ne4 32. Ne5 Be8 33. Nd3 Nc3 34.
Nxb4 Nb5 35. Nbc6 Rb6 36. Nxb5 Bxc6 37. Nd4 Bb7 38. h4 Kg7 39. Rc7 Kf6 40. Kh2
h5 41. Rc5 axb3 42. axb3 Ke5 43. Rc7 Kf6 44. Kg3 Kg6 45. f3 f6 46. Kf4 Rb4 47.
Rc5 Rb6 48. Rb5 1-0

[Event "Reykjavik Open 2026"]
[Site "Reykjavik ISL"]
[Date "2026.03.28"]
[Round "5.85"]
[White "Dalhouse, Justin"]
[Black "Plaskan, Jure"]
[Result "0-1"]
[WhiteElo "1989"]
[BlackElo "2237"]
[WhiteFideId "30902894"]
[BlackFideId "14605252"]
[EventDate "2026.03.25"]

1. e4 c5 2. c3 Nf6 3. e5 Nd5 4. Nf3 Nc6 5. Bc4 Nb6 6. Bb3 d5 7. exd6 Qxd6 8. O-O
Bf5 9. Na3 Bd3 10. Re1 e6 11. Ng5 c4 12. Bc2 Qd5 13. Qh5 g6 14. Qg4 Bxa3 15.
Bxd3 Be7 16. Nxe6 fxe6 17. Be4 Qd7 18. Bxc6 bxc6 19. b3 O-O 20. bxc4 Rf5 21. a4
a5 22. Qe2 Raf8 23. f3 e5 24. d4 Re8 25. g4 Rf7 26. c5 Nd5 27. c4 Nf4 28. Qxe5
Nd3 29. Qe6 Qxd4+ 30. Be3 Qf6 31. Qe4 Nxe1 32. Rxe1 Qxf3 33. Qe6 Rd8 0-1

[Event "Reykjavik Open 2026"]
[Site "Reykjavik ISL"]
[Date "2026.03.28"]
[Round "5.86"]
[White "Bjarnason, Snorri Vikanes"]
[Black "Mahalakshmi, M"]
[Result "0-1"]
[BlackTitle "WIM"]
[WhiteElo "1988"]
[BlackElo "2232"]
[WhiteFideId "1539833"]
[BlackFideId "5001080"]
[EventDate "2026.03.25"]

1. c4 e5 2. g3 Nf6 3. Bg2 d5 4. cxd5 Nxd5 5. Nc3 Nb6 6. Nf3 Nc6 7. O-O Be7 8. d3
O-O 9. a3 Re8 10. b4 a5 11. b5 Nd4 12. e3 Nxf3+ 13. Bxf3 Rb8 14. Qc2 Bf5 15. Rd1
Qd7 16. e4 Bg4 17. Bxg4 Qxg4 18. Be3 h5 19. Kg2 h4 20. f3 h3+ 21. Kf2 Qg6 22.
Na4 Bg5 23. Bxg5 Qxg5 24. Nxb6 cxb6 25. Rac1 Red8 26. Ke2 Rd7 27. Qd2 Qe7 28.
Rc3 Rbd8 29. Rdc1 Rd4 30. Qa2 Qe8 31. Qb3 Qf8 32. Rf1 Qd6 33. f4 Rxe4+ 34. dxe4
Qd2+ 35. Kf3 Qg2+ 36. Kg4 Qxf1 37. fxe5 Rd4 38. Re3 Qg2 39. Qc3 Rd8 40. Qc7 Rf8
41. Rf3 Qxh2 42. e6 fxe6 43. Rxf8+ Kxf8 44. e5 Qe2+ 45. Kxh3 Qxb5 46. Qc8+ Qe8
47. Qc3 Kg8 48. Qd4 Qc6 49. Kg4 b5 50. Kg5 Qc1+ 51. Kg4 0-1

[Event "Reykjavik Open 2026"]
[Site "Reykjavik ISL"]
[Date "2026.03.28"]
[Round "5.87"]
[White "Vincenti, Leonardo"]
[Black "Jensen, Stein"]
[Result "1-0"]
[WhiteTitle "FM"]
[BlackTitle "FM"]
[WhiteElo "2226"]
[BlackElo "1982"]
[WhiteFideId "28550820"]
[BlackFideId "1500724"]
[EventDate "2026.03.25"]

1. e4 Nf6 2. e5 Nd5 3. d4 d6 4. c4 Nb6 5. f4 dxe5 6. fxe5 Bf5 7. Nc3 e6 8. Be3
Nc6 9. Nf3 Be7 10. Be2 O-O 11. O-O f6 12. exf6 Bxf6 13. Qd2 Qe7 14. Rad1 Rad8
15. h3 h6 16. Kh1 Bh7 17. Qc1 Kh8 18. Rfe1 Qf7 19. Bg1 Rd7 20. d5 exd5 21. Bxb6
axb6 22. cxd5 Nb4 23. Bc4 Qh5 24. a3 Nc2 25. Rf1 Re7 26. d6 cxd6 27. Nd5 Ree8
28. Bd3 Rc8 29. Bxh7 Kxh7 30. Nc3 Bxc3 31. Qxc2+ Qg6 32. Qxg6+ Kxg6 33. bxc3
Rxc3 34. Nh4+ 1-0

[Event "Reykjavik Open 2026"]
[Site "Reykjavik ISL"]
[Date "2026.03.28"]
[Round "5.88"]
[White "Fossheim, Yngve"]
[Black "Finke, Kelvin"]
[Result "1-0"]
[WhiteElo "2208"]
[BlackElo "1986"]
[WhiteFideId "1512277"]
[BlackFideId "3205495"]
[EventDate "2026.03.25"]

1. e4 c6 2. d4 d5 3. e5 c5 4. Nf3 cxd4 5. Nxd4 Nc6 6. c4 e6 7. Nc3 Bb4 8. Nxc6
bxc6 9. Qa4 a5 10. cxd5 Qxd5 11. Qxb4 axb4 12. Nxd5 exd5 13. Be3 f6 14. f4 Bf5
15. Bc5 Kd7 16. Kd2 Nh6 17. exf6 gxf6 18. Rg1 Rhb8 19. g4 Be4 20. Bd4 f5 21. g5
Ng4 22. Be2 Nxh2 23. Rg3 Ng4 24. Rh3 Ke6 25. Rc1 Rb7 26. Bxg4 fxg4 27. Rh6+ Ke7
28. Rcxc6 Rxa2 29. g6 Bxg6 30. Rcxg6 hxg6 31. Rh7+ Ke6 32. Rxb7 Kf5 33. Ke3 g3
34. Kf3 g2 35. Rf7+ Ke6 36. Rf6+ 1-0

[Event "Reykjavik Open 2026"]
[Site "Reykjavik ISL"]
[Date "2026.03.28"]
[Round "5.89"]
[White "Birkisson, Bardur Orn"]
[Black "Heppert, Lars"]
[Result "1-0"]
[WhiteTitle "FM"]
[WhiteElo "2207"]
[BlackElo "1975"]
[WhiteFideId "2310597"]
[BlackFideId "24668575"]
[EventDate "2026.03.25"]

1. d4 d5 2. c4 e6 3. Nf3 Nf6 4. Nc3 Be7 5. Bf4 O-O 6. e3 c5 7. dxc5 Bxc5 8. cxd5
exd5 9. Be2 Nc6 10. O-O d4 11. Na4 Bd6 12. Bxd6 Qxd6 13. Nxd4 Nxd4 14. Qxd4 Qe7
15. Bf3 Be6 16. Qc5 Qd7 17. Qb4 Nd5 18. Qd4 Qb5 19. Nc5 Rad8 20. Nxe6 fxe6 21.
Qe5 Qb6 22. Rad1 Rf5 23. Qd4 Qxd4 24. Rxd4 Rc8 25. Bg4 1-0